MARC

LEADER 00000nam0a2200000 4500
001 297080
005 20231102000955.0
020 |a RU  |b 84-65976 
035 |a (RuTPU)RU\TPU\book\322200 
090 |a 297080 
100 |a 20150605d1984 km y0rusy5003 ca 
101 0 |a rus 
102 |a RU 
105 |a a z 001zy 
200 1 |a Исследование параметров рабочего процесса шагающих драглайнов  |f И. Л. Мордухович  |g Академия наук СССР (АН СССР), Институт горного дела им. А. А. Скочинского (ИГД) ; под ред. А. В. Докукина 
210 |a Москва  |c Наука  |d 1984 
215 |a 143 с.  |c ил. 
320 |a Библиогр.: с. 140-141 
606 1 |a Экскаваторы-драглайны, шагающие  |x Рабочий процесс  |2 stltpush  |3 (RuTPU)RU\TPU\subj\26692  |9 50568 
610 1 |a вскрышные породы 
610 1 |a нагруженное состояние 
610 1 |a прогнозирование 
610 1 |a горнотехнические условия 
610 1 |a ковши 
610 1 |a расчеты 
675 |a 622.333:622.271  |z rus  |v 3 
700 1 |a Мордухович  |b И. Л.  |g Изя Львович  |4 070 
702 1 |a Докукин  |b А. В.  |4 340 
712 0 2 |a Академия наук СССР (АН СССР)  |b Институт горного дела им. А. А. Скочинского (ИГД)  |c (Люберцы)  |2 stltpush  |3 (RuTPU)RU\TPU\col\11351 
801 0 |a RU  |b RuMRKP  |c 19950704  |g psbo 
801 1 |a RU  |b 63413507  |c 20150605 
801 2 |a RU  |b 63413507  |c 20190121  |g RCR 
942 |c BK